000 00317 a2200121 4500
000 nam a22 7a 4500
005 20260109143624.0
020 _a9781470479015
100 _aBartle, Robert G.
_9863427
245 _aA modern theory of Integration
260 _bAmerican Mathematical Society
_c2024
942 _cTEXL
999 _c1467421
_d1467421